[Event "VII Weekend B"]
[Site "Porto Sant'Elpidio ITA"]
[Date "2004.11.14"]
[Round "3"]
[White "Serafini, Gino"]
[Black "Marinucci, Johnny"]
[Result "1/2-1/2"]
[WhiteElo "1506"]
[BlackElo "1742"]
[PlyCount "103"]
[EventDate "2004.11.13"]

1. d4 Nf6 2. Nf3 g6 3. Bf4 Bg7 4. h3 d6 5. e3 O-O 6. Be2 Nbd7 7. Nbd2 Re8 8. c3
e5 9. Bh2 e4 10. Ng1 d5 11. c4 c6 12. cxd5 cxd5 13. Bg4 Nxg4 14. hxg4 Nf8 15.
Rc1 Qg5 16. Bf4 Qxg4 17. Qxg4 Bxg4 18. Ne2 Rac8 19. Rxc8 Rxc8 20. Nc3 Be6 21.
Nb3 b6 22. Kd2 a6 23. Rc1 Bf6 24. Nxd5 Bd8 25. Rxc8 Bxc8 26. Bc7 Bxc7 27. Nxc7
Bb7 28. Ne8 Nd7 29. Ke1 Kf8 30. Nd6 Ba8 31. Nd2 f5 32. a4 Ke7 33. N2c4 Ke6 34.
Nc8 b5 35. axb5 axb5 36. Na3 Bb7 37. Na7 b4 38. N3b5 h5 39. Nc7+ Ke7 40. Nab5
g5 41. Ne8 Kxe8 42. Nd6+ Ke7 43. Nxb7 f4 44. Ke2 Ke6 45. Nd8+ Kf5 46. b3 Nb6
47. Nc6 Nd5 48. Kd2 fxe3+ 49. fxe3 h4 50. Ke2 g4 51. Kf2 g3+ 52. Kg1 1/2-1/2

[Event "VII Weekend B"]
[Site "Porto Sant'Elpidio ITA"]
[Date "2004.11.14"]
[Round "3"]
[White "Silvestri, Giorgio"]
[Black "Di Mantino, Mauro"]
[Result "1-0"]
[WhiteElo "1697"]
[BlackElo "1392"]
[PlyCount "37"]
[EventDate "2004.11.13"]

1. d4 Nf6 2. Nf3 g6 3. Bf4 Bg7 4. e3 d6 5. Be2 O-O 6. Nbd2 c5 7. c3 Nc6 8. Qc2
cxd4 9. cxd4 Nb4 10. Qb3 a5 11. a3 Be6 12. Bc4 d5 13. Be2 Nc6 14. O-O Bc8 15.
h3 Ne8 16. Rac1 Nd6 17. Qxd5 Be6 18. Qg5 f6 19. Qg3 1-0

[Event "VII Weekend B"]
[Site "Porto Sant'Elpidio ITA"]
[Date "2004.11.20"]
[Round "4"]
[White "Basso, Fabrizio"]
[Black "Di Blasio, Walter"]
[Result "1/2-1/2"]
[WhiteElo "1697"]
[BlackElo "1643"]
[PlyCount "104"]
[EventDate "2004.11.13"]

1. e4 e5 2. Nf3 Nf6 3. Nxe5 d6 4. Nf3 Nxe4 5. d4 d5 6. Bd3 Nc6 7. O-O Be7 8. c4
Nb4 9. Be2 O-O 10. Nc3 Bf5 11. a3 Nxc3 12. bxc3 Nc6 13. Bf4 Rc8 14. cxd5 Qxd5
15. c4 Qe4 16. Be3 Bf6 17. Nd2 Qe7 18. Bg4 Qd7 19. Bxf5 Qxf5 20. Rb1 b6 21. Qf3
Qxf3 22. Nxf3 Rcd8 23. Rfd1 Rd7 24. Rd3 Rfd8 25. Rbd1 Na5 26. Rc1 Nc6 27. Rcd1
h6 28. g4 Kf8 29. Kg2 Na5 30. Rc1 Nc6 31. Rcd1 Ne7 32. h4 g6 33. Bxh6+ Kg8 34.
d5 c6 35. d6 Nc8 36. Bf4 Bg7 37. Ng5 Bf8 38. Ne4 Bg7 39. Kf3 f6 40. h5 g5 41.
Bg3 Kf7 42. Kg2 Re8 43. Kf3 c5 44. Bh2 Red8 45. Rd5 Kg8 46. Rf5 Rf8 47. Ke2 Re8
48. Kd3 Re6 49. Rd5 Bf8 50. Nxg5 fxg5 51. Rxg5+ Kf7 52. Rf5+ Kg8 1/2-1/2

[Event "VII Weekend B"]
[Site "Porto Sant'Elpidio ITA"]
[Date "2004.11.20"]
[Round "4"]
[White "Di Mantino, Mauro"]
[Black "Di Cicco, Daniela"]
[Result "1-0"]
[WhiteElo "1392"]
[BlackElo "1359"]
[PlyCount "39"]
[EventDate "2004.11.13"]

1. d4 d5 2. c4 e6 3. Nc3 Nf6 4. Bg5 Be7 5. e3 Nbd7 6. Nf3 O-O 7. Qc2 Re8 8. Bd3
b6 9. cxd5 exd5 10. O-O c5 11. dxc5 bxc5 12. Rfd1 c4 13. Bf5 g6 14. Bxd7 Qxd7
15. Bxf6 Qf5 16. Qxf5 Bxf5 17. Bxe7 Rxe7 18. Rxd5 Rae8 19. Rad1 Bd3 20. Ne1 1-0

[Event "VII Weekend B"]
[Site "Porto Sant'Elpidio ITA"]
[Date "2004.11.20"]
[Round "4"]
[White "Fratini, Mauro"]
[Black "Piergentili, Roberto"]
[Result "1/2-1/2"]
[WhiteElo "1778"]
[BlackElo "1700"]
[PlyCount "91"]
[EventDate "2004.11.13"]

1. d4 Nf6 2. Nf3 e6 3. Bf4 b6 4. e3 Bb7 5. Nbd2 d5 6. Bd3 Nbd7 7. c3 Nh5 8. Bg3
Nxg3 9. hxg3 h6 10. e4 dxe4 11. Nxe4 Be7 12. Qe2 c5 13. dxc5 Nxc5 14. Nxc5 Bxc5
15. Bb5+ Kf8 16. Rd1 Qf6 17. O-O Bxf3 18. gxf3 g6 19. Rd7 Kg7 20. Bc4 Rhe8 21.
Rfd1 a5 22. f4 Kg8 23. Qe4 Rad8 24. Qb7 Rxd7 25. Qxd7 Qe7 26. Qxe7 Rxe7 27. Bb5
e5 28. fxe5 Rxe5 29. Bc4 Rf5 30. Rd2 Re5 31. a3 Be7 32. b4 Kg7 33. Kf1 h5 34.
Rd7 h4 35. gxh4 Bxh4 36. Bxf7 Kh6 37. Rd6 Rf5 38. Bxg6 Rxf2+ 39. Kg1 Rb2 40.
Be4+ Kg5 41. Rg6+ Kf4 42. Rg2 Rb3 43. bxa5 bxa5 44. c4 Rxa3 45. Bd5 Rc3 46. Ra2
1/2-1/2

[Event "VII Weekend B"]
[Site "Porto Sant'Elpidio ITA"]
[Date "2004.11.20"]
[Round "4"]
[White "Marinucci, Johnny"]
[Black "Iaconi, Andrea"]
[Result "1/2-1/2"]
[WhiteElo "1742"]
[BlackElo "1774"]
[PlyCount "96"]
[EventDate "2004.11.13"]

1. d4 Nf6 2. Nf3 g6 3. Bf4 Bg7 4. e3 O-O 5. h3 d5 6. Be2 c5 7. c3 cxd4 8. exd4
Nc6 9. O-O Re8 10. Bb5 Bd7 11. Bxc6 Bxc6 12. Be5 Qb6 13. Qb3 Qxb3 14. axb3 Bb5
15. Re1 Bd3 16. Nbd2 a6 17. Re3 Bf5 18. g4 Bd7 19. Kg2 Bb5 20. Rae1 Rac8 21.
Bxf6 exf6 22. Rxe8+ Rxe8 23. Rxe8+ Bxe8 24. c4 Bc6 25. Kf1 Bh6 26. Ke2 Bf4 27.
Ne1 g5 28. Nd3 Bd6 29. c5 Bc7 30. Nb1 Kf8 31. Nc3 Ke7 32. Ke3 Ke6 33. f4 gxf4+
34. Nxf4+ Bxf4+ 35. Kxf4 Ke7 36. b4 Kf8 37. Nd1 Kg7 38. Ne3 Kf8 39. h4 Ke7 40.
g5 fxg5+ 41. Kxg5 Ke6 42. Kf4 Kf6 43. Ng4+ Ke6 44. Ne5 Ba4 45. Nf3 Bc2 46. Ne5
Ba4 47. h5 Bc2 48. h6 Ba4 1/2-1/2

[Event "VII Weekend B"]
[Site "Porto Sant'Elpidio ITA"]
[Date "2004.11.20"]
[Round "4"]
[White "Morelli, Basilio"]
[Black "Guerra, Renzo"]
[Result "0-1"]
[WhiteElo "1419"]
[BlackElo "1518"]
[PlyCount "76"]
[EventDate "2004.11.13"]

1. d4 d6 2. Nf3 Nf6 3. e3 g6 4. Nbd2 Bg7 5. Be2 O-O 6. O-O Bf5 7. Re1 Nc6 8. c3
a6 9. b4 Re8 10. Bb2 e5 11. d5 Ne7 12. Bc4 e4 13. Nd4 Bg4 14. f3 exf3 15. N2xf3
Nexd5 16. Bxd5 Nxd5 17. e4 Nf6 18. Qc2 c5 19. bxc5 dxc5 20. Nb3 Qc7 21. Rad1
Rad8 22. Rxd8 Rxd8 23. Bc1 b6 24. Bg5 Re8 25. Bh4 Qc6 26. Nbd2 Nh5 27. h3 Bc8
28. c4 Nf4 29. Bg3 Ne6 30. Ne5 Nd4 31. Nxc6 Nxc2 32. Re2 Bb7 33. Nf3 Bxc6 34.
Rxc2 Rxe4 35. Rd2 Bd4+ 36. Kh2 f6 37. Nxd4 Rxd4 38. Re2 Kf7 0-1

[Event "VII Weekend B"]
[Site "Porto Sant'Elpidio ITA"]
[Date "2004.11.20"]
[Round "4"]
[White "Ragnini, Damiano"]
[Black "Iori, Massimiliano"]
[Result "0-1"]
[WhiteElo "1571"]
[BlackElo "1792"]
[PlyCount "102"]
[EventDate "2004.11.13"]

1. e4 e5 2. Nf3 Nf6 3. Nxe5 d6 4. Nf3 Nxe4 5. d4 d5 6. Bd3 Bd6 7. c4 c6 8. O-O
O-O 9. Qc2 Nf6 10. Bf5 dxc4 11. Bxc8 Qxc8 12. Qxc4 Nbd7 13. Nc3 Nb6 14. Qd3 Re8
15. Bd2 h6 16. Nh4 Nbd5 17. Nxd5 Nxd5 18. Nf5 Bf4 19. Be3 Qe6 20. Rae1 Qg6 21.
g4 Qxg4+ 22. Ng3 Qf3 23. Qf5 Re6 24. Bd2 g6 25. Qc2 Bxd2 26. Rxe6 Nf4 27. Rxg6+
fxg6 28. Qb3+ Qxb3 29. axb3 Re8 30. h3 Re1 31. Rxe1 Bxe1 32. Kf1 Bb4 33. h4 Kf7
34. f3 Ke6 35. Ne4 Kd5 36. Kf2 Kxd4 37. Kg3 Ke5 38. Kg4 Nd3 39. Kg3 Be1+ 40.
Kg2 Bxh4 41. Nd2 Nxb2 42. Kh3 Be7 43. Kg4 b5 44. f4+ Kd5 45. Nf3 Bf6 46. Nd2 a5
47. Nf1 a4 48. bxa4 bxa4 49. Ne3+ Ke4 50. Nc2 Nc4 51. Nb4 a3 0-1

[Event "VII Weekend B"]
[Site "Porto Sant'Elpidio ITA"]
[Date "2004.11.20"]
[Round "4"]
[White "Rinaldi, Raffaele"]
[Black "Baleani, Emanuele"]
[Result "1-0"]
[WhiteElo "1556"]
[BlackElo "1750"]
[PlyCount "83"]
[EventDate "2004.11.13"]

1. e4 c5 2. Nc3 d6 3. g3 g6 4. Bg2 Bg7 5. Nge2 Nf6 6. d3 a6 7. O-O O-O 8. h3
Bd7 9. Be3 Nc6 10. Qd2 Qc8 11. Kh2 Ne5 12. f4 Nc6 13. Rac1 Rb8 14. Nd1 b5 15.
c3 Qd8 16. a3 Na5 17. b4 Nb3 18. Qc2 Nxc1 19. Qxc1 cxb4 20. cxb4 Rc8 21. Qd2
Qc7 22. Ndc3 Qb8 23. d4 Bc6 24. d5 Ba8 25. Nd4 Nd7 26. Nce2 Rc7 27. Nb3 Rfc8
28. Ned4 Nb6 29. Na5 Bxd4 30. Bxd4 Nc4 31. Nxc4 Rxc4 32. Ba1 Qb6 33. f5 f6 34.
Qh6 Qd8 35. fxg6 hxg6 36. Qxg6+ Kh8 37. Rf4 Rxe4 38. Rxe4 Rc4 39. Bxf6+ exf6
40. Re8+ Qxe8 41. Qxe8+ Kg7 42. Qxa8 1-0

[Event "VII Weekend B"]
[Site "Porto Sant'Elpidio ITA"]
[Date "2004.11.20"]
[Round "4"]
[White "Ripa', Daniele"]
[Black "Agostini, Renzo"]
[Result "1-0"]
[WhiteElo "1461"]
[BlackElo "1392"]
[PlyCount "67"]
[EventDate "2004.11.13"]

1. e4 e5 2. Nf3 Nc6 3. Bb5 Nf6 4. O-O Nxe4 5. d4 a6 6. Ba4 b5 7. Bb3 d6 8. Bd5
Bb7 9. Bxe4 d5 10. Bf5 e4 11. Ne5 Nxe5 12. dxe5 Bc5 13. Nc3 O-O 14. Kh1 Re8 15.
Bf4 g6 16. Bh3 c6 17. Ne2 Qb6 18. Bg3 Rad8 19. c3 d4 20. Bh4 Rd5 21. cxd4 Bxd4
22. Nxd4 Rxd4 23. Qe2 Rxe5 24. Bf6 Rh5 25. Bxd4 Qxd4 26. Rad1 Qe5 27. f4 Qe8
28. f5 c5 29. fxg6 hxg6 30. Rd7 Bc6 31. Rc7 e3 32. Rc8 Bxg2+ 33. Qxg2 Rxh3 34.
Rxe8+ 1-0

[Event "VII Weekend B"]
[Site "Porto Sant'Elpidio ITA"]
[Date "2004.11.20"]
[Round "4"]
[White "Serafini, Gino"]
[Black "Cerusico, Carlo"]
[Result "1-0"]
[WhiteElo "1506"]
[BlackElo "1493"]
[PlyCount "51"]
[EventDate "2004.11.13"]

1. d4 d5 2. Nf3 Nf6 3. Bf4 h6 4. h3 b6 5. e3 Bb7 6. c3 e6 7. Nbd2 Be7 8. Bd3
O-O 9. O-O Re8 10. Rc1 Nbd7 11. Bb1 c5 12. Ne5 cxd4 13. exd4 Rc8 14. Bh2 b5 15.
f4 Ne4 16. Nxe4 dxe4 17. Qh5 Rf8 18. Qe2 Nxe5 19. fxe5 Bg5 20. Bf4 Bxf4 21.
Rxf4 Qg5 22. Rcf1 e3 23. Rg4 Qe7 24. Qxe3 Kh8 25. Rf6 g6 26. Qxh6+ 1-0

[Event "VII Weekend B"]
[Site "Porto Sant'Elpidio ITA"]
[Date "2004.11.20"]
[Round "4"]
[White "Tortolini, Francesco"]
[Black "Silvestri, Giorgio"]
[Result "1-0"]
[WhiteElo "1698"]
[BlackElo "1697"]
[PlyCount "138"]
[EventDate "2004.11.13"]

1. e4 d6 2. d4 Nf6 3. Nc3 g6 4. Nf3 Bg7 5. Bg5 h6 6. Be3 c6 7. a4 a5 8. Bc4 Bg4
9. O-O Qc7 10. h3 Bxf3 11. Qxf3 O-O 12. Rfe1 Nbd7 13. Rad1 Rad8 14. Qe2 e5 15.
Bb3 Rfe8 16. dxe5 dxe5 17. Qc4 Re7 18. Nb5 Qb8 19. Nd6 Rf8 20. Rd2 Ne8 21. Red1
Nxd6 22. Rxd6 Qc7 23. Rxg6 Kh7 24. Rg3 b6 25. Qd3 Nf6 26. f3 Rd7 27. Qe2 Rxd1+
28. Qxd1 Rd8 29. Qe1 Rd6 30. c3 Qd8 31. Bc2 c5 32. f4 Nh5 33. Rf3 Qd7 34. Qf2
f6 35. fxe5 fxe5 36. Rf7 Qc8 37. Qf5+ Qxf5 38. Rxf5 Kg6 39. b3 Ng3 40. Rf2 Bf6
41. Kh2 Bh4 42. Rf8 Kg7 43. Rf3 Ne2 44. g3 Bf6 45. c4 Nd4 46. Rf2 Nxc2 47. Rxc2
Rd3 48. Bc1 Rxb3 49. Rb2 Rc3 50. Bd2 Rxc4 51. h4 Rxe4 52. Kh3 Rxa4 53. Rxb6 Ra2
54. Bxh6+ Kxh6 55. Rxf6+ Kg7 56. Rc6 a4 57. Rxc5 a3 58. Rxe5 Ra1 59. Ra5 a2 60.
Kg4 Kg6 61. Ra6+ Kg7 62. h5 Kh7 63. Ra7+ Kg8 64. Kg5 Rg1 65. Rxa2 Rxg3+ 66. Kh6
Kf7 67. Ra7+ Kf6 68. Kh7 Rg2 69. h6 Rg1 1-0

[Event "VII Weekend B"]
[Site "Porto Sant'Elpidio ITA"]
[Date "2004.11.21"]
[Round "5"]
[White "Agostini, Renzo"]
[Black "Egidi, Daniele"]
[Result "1-0"]
[WhiteElo "1392"]
[BlackElo "1353"]
[PlyCount "29"]
[EventDate "2004.11.13"]

1. d4 d5 2. c4 e6 3. Nc3 Nf6 4. Bg5 Be7 5. cxd5 exd5 6. e3 Bg4 7. Qc2 Nc6 8. h3
Bh5 9. a3 Qd6 10. Bd3 O-O-O 11. Nb5 Qe6 12. Bf5 Nb4 13. axb4 Bxb4+ 14. Kf1 Qxf5
15. Qxc7# 1-0

[Event "VII Weekend B"]
[Site "Porto Sant'Elpidio ITA"]
[Date "2004.11.21"]
[Round "5"]
[White "Baleani, Emanuele"]
[Black "Marinucci, Johnny"]
[Result "1/2-1/2"]
[WhiteElo "1750"]
[BlackElo "1742"]
[PlyCount "64"]
[EventDate "2004.11.13"]

1. e4 Nf6 2. e5 Nd5 3. d4 d6 4. c4 Nb6 5. f4 dxe5 6. fxe5 Nc6 7. Be3 Bf5 8. Nf3
e6 9. a3 Be7 10. Be2 f6 11. Nc3 fxe5 12. dxe5 Qxd1+ 13. Rxd1 Nd7 14. Bf4 O-O-O
15. O-O h6 16. Bd3 g5 17. Bxf5 exf5 18. e6 gxf4 19. exd7+ Rxd7 20. Nd5 Bc5+ 21.
Kh1 Rhd8 22. Rde1 Be3 23. Nxe3 fxe3 24. Rxe3 Rd1 25. Ree1 Rxe1 26. Rxe1 Na5 27.
Rc1 Nb3 28. Re1 Nd2 29. Nxd2 Rxd2 30. Rb1 Kd7 31. Kg1 Rc2 32. b3 Ra2 1/2-1/2

[Event "VII Weekend B"]
[Site "Porto Sant'Elpidio ITA"]
[Date "2004.11.21"]
[Round "5"]
[White "Basso, Fabrizio"]
[Black "Rinaldi, Raffaele"]
[Result "1/2-1/2"]
[WhiteElo "1697"]
[BlackElo "1556"]
[PlyCount "96"]
[EventDate "2004.11.13"]

1. e4 e5 2. Nf3 Nc6 3. Bb5 a6 4. Ba4 Bc5 5. O-O b5 6. Bb3 d6 7. h3 Nf6 8. Re1
O-O 9. c3 Bb7 10. d3 h6 11. Nbd2 Re8 12. Nf1 Ne7 13. Ng3 c6 14. Be3 Bxe3 15.
Rxe3 Ng6 16. d4 c5 17. Bc2 Qb6 18. Qd2 Rad8 19. Rd1 cxd4 20. cxd4 exd4 21. Nxd4
Ne5 22. b3 d5 23. f4 Ng6 24. e5 Ne4 25. Nxe4 dxe4 26. Bxe4 Nxf4 27. Bxb7 Qxb7
28. Qf2 Ne6 29. Red3 Ng5 30. h4 Ne6 31. Nf5 Qc7 32. Qg3 Rxd3 33. Rxd3 Qc1+ 34.
Kh2 Qf4 35. Nd6 Re7 36. Rf3 Qxg3+ 37. Kxg3 Nd4 38. Re3 f6 39. Kf4 g5+ 40. hxg5
hxg5+ 41. Ke4 Nc6 42. Kf5 Nxe5 43. Kxf6 Ng4+ 44. Kxe7 Nxe3 45. g3 Kg7 46. Ne4
Kg6 47. Ke6 Nf5 48. Ke5 Ne3 1/2-1/2

[Event "VII Weekend B"]
[Site "Porto Sant'Elpidio ITA"]
[Date "2004.11.21"]
[Round "5"]
[White "Di Blasio, Walter"]
[Black "Serafini, Gino"]
[Result "1/2-1/2"]
[WhiteElo "1643"]
[BlackElo "1506"]
[PlyCount "149"]
[EventDate "2004.11.13"]

1. e4 c5 2. Nc3 Nc6 3. Nge2 g6 4. d4 cxd4 5. Nxd4 Bg7 6. Be3 Nf6 7. Nxc6 bxc6
8. Bd3 O-O 9. O-O Qc7 10. f3 d6 11. Qd2 Re8 12. Bc4 Rb8 13. Bb3 Ba6 14. Rfd1
Red8 15. Qf2 c5 16. Rab1 h5 17. e5 dxe5 18. Bxc5 Rxd1+ 19. Rxd1 Rd8 20. Rxd8+
Qxd8 21. g3 e4 22. fxe4 e6 23. Qe1 Qa8 24. h3 Nd7 25. Bf2 Ne5 26. Qe3 Nc6 27.
Ba4 Nd4 28. Nd1 Ne2+ 29. Kh2 h4 30. c3 Qb8 31. Kg2 hxg3 32. Bxg3 Nxg3 33. Qxg3
Be5 34. Qf3 Qd8 35. Qe3 Qf6 36. Nf2 Bb8 37. Bd1 Bb7 38. Be2 Qe5 39. Kf1 Qf6 40.
Qf3 Qg5 41. Qg2 Qc1+ 42. Nd1 Qf4+ 43. Qf3 Qxe4 44. Qxe4 Bxe4 45. b4 f5 46. Nf2
Bb1 47. a4 e5 48. Bc4+ Kg7 49. Bd3 Bxd3+ 50. Nxd3 e4 51. Nc5 Kh6 52. Nd7 Bg3
53. Nf6 Kg5 54. Nd5 f4 55. Kg2 Be1 56. Kf1 Bd2 57. Ke2 e3 58. c4 Kf5 59. Ne7+
Ke4 60. Nxg6 f3+ 61. Kd1 f2 62. Ke2 Bxb4 63. Nh4 Bd2 64. Ng6 f1=Q+ 65. Kxf1 Kd3
66. Nf4+ Kxc4 67. Ke2 Kb4 68. Nd5+ Kxa4 69. Nxe3 Bxe3 70. Kxe3 Kb3 71. h4 a5
72. h5 a4 73. h6 a3 74. h7 a2 75. h8=Q 1/2-1/2

[Event "VII Weekend B"]
[Site "Porto Sant'Elpidio ITA"]
[Date "2004.11.21"]
[Round "5"]
[White "Di Cicco, Daniela"]
[Black "Morelli, Basilio"]
[Result "0-1"]
[WhiteElo "1359"]
[BlackElo "1419"]
[PlyCount "104"]
[EventDate "2004.11.13"]

1. d4 d5 2. Nf3 Nf6 3. h3 e6 4. Bf4 c5 5. c3 Be7 6. e3 O-O 7. Bd3 cxd4 8. exd4
Bd7 9. O-O a6 10. Nbd2 Bb5 11. Qc2 Bxd3 12. Qxd3 Nbd7 13. Rfe1 Nh5 14. Bh2 g6
15. Qe3 Rc8 16. Ne5 Nxe5 17. Bxe5 Bd6 18. Nf3 Bxe5 19. Qxe5 Ng7 20. h4 f6 21.
Qh2 Rc7 22. Re2 b5 23. a3 Rcf7 24. Rf1 h5 25. Qh3 Qd6 26. Rfe1 Re7 27. g4 Rfe8
28. Qg2 e5 29. dxe5 fxe5 30. Ng5 e4 31. Re3 Rf8 32. Rd1 Rf4 33. Rg3 e3 34. fxe3
Rxe3 35. Nf3 Rexf3 36. Qh3 Rxg3+ 37. Qxg3 Rxg4 38. Qxg4 hxg4 39. Rd4 Nf5 40.
Rxg4 Nxh4 41. Kf2 Qf6+ 42. Kg3 Nf5+ 43. Kh3 d4 44. Rf4 Qe5 45. Kg4 dxc3 46.
bxc3 Qxc3 47. Rf3 Qd4+ 48. Kg5 Kg7 49. Rf4 Qf6+ 50. Kg4 Qh4+ 51. Kf3 Qh3+ 52.
Ke2 Qe3+ 0-1

[Event "VII Weekend B"]
[Site "Porto Sant'Elpidio ITA"]
[Date "2004.11.21"]
[Round "5"]
[White "Guerra, Renzo"]
[Black "Piergentili, Roberto"]
[Result "1-0"]
[WhiteElo "1518"]
[BlackElo "1700"]
[PlyCount "65"]
[EventDate "2004.11.13"]

1. c4 Nf6 2. Nf3 e6 3. Nc3 Be7 4. g3 Nc6 5. Bg2 d5 6. cxd5 exd5 7. O-O d4 8.
Nb5 a6 9. Qa4 Bd7 10. Nbxd4 Nxd4 11. Qxd4 Rb8 12. d3 c5 13. Qc3 O-O 14. Qc2 Bc6
15. Bf4 Rc8 16. Rfd1 Nd5 17. Be5 f6 18. Bc3 Nxc3 19. Qxc3 Bd6 20. d4 Qe7 21. d5
Bd7 22. Re1 c4 23. a3 b5 24. Qc2 Bg4 25. Nd4 Qd7 26. Rad1 Rce8 27. Qd2 h5 28.
Ne6 Rf7 29. f3 Bxe6 30. dxe6 Bc5+ 31. Kh1 Qxd2 32. exf7+ Kxf7 33. Rxd2 1-0

[Event "VII Weekend B"]
[Site "Porto Sant'Elpidio ITA"]
[Date "2004.11.21"]
[Round "5"]
[White "Iaconi, Andrea"]
[Black "Ragnini, Damiano"]
[Result "1-0"]
[WhiteElo "1774"]
[BlackElo "1571"]
[PlyCount "51"]
[EventDate "2004.11.13"]

1. e4 e5 2. Nf3 Nf6 3. Nxe5 d6 4. Nf3 Nxe4 5. d4 d5 6. Bd3 Bd6 7. O-O O-O 8. c4
c6 9. cxd5 cxd5 10. h3 Nd7 11. Nc3 Nxc3 12. bxc3 Nf6 13. Bg5 h6 14. Bh4 Re8 15.
Qb3 g5 16. Bg3 Bxg3 17. fxg3 Qc7 18. Ne5 Be6 19. Rxf6 Kg7 20. Raf1 Re7 21. Kh2
Rc8 22. Qd1 Rh8 23. Qh5 b6 24. Rg6+ Kf8 25. Rxh6 Rxh6 26. Qxh6+ 1-0

[Event "VII Weekend B"]
[Site "Porto Sant'Elpidio ITA"]
[Date "2004.11.21"]
[Round "5"]
[White "Iori, Massimiliano"]
[Black "Tortolini, Francesco"]
[Result "1-0"]
[WhiteElo "1792"]
[BlackElo "1698"]
[PlyCount "55"]
[EventDate "2004.11.13"]

1. d4 e6 2. c4 Nf6 3. Nf3 b6 4. g3 Bb7 5. Bg2 Bb4+ 6. Bd2 Bxd2+ 7. Nbxd2 c5 8.
dxc5 bxc5 9. O-O O-O 10. Qc2 Qc7 11. Rac1 Nc6 12. Rfd1 Rfd8 13. e3 Nb4 14. Qb1
d5 15. a3 Nc6 16. cxd5 Rxd5 17. b4 Rb8 18. Ne1 Rh5 19. Nb3 Qb6 20. Nxc5 Ba8 21.
Nd7 Nxd7 22. Rxd7 Ne5 23. Rdc7 g6 24. Rc8+ Kg7 25. Bxa8 Rxa8 26. Rxa8 Ng4 27.
Qe4 Nf6 28. Qc6 1-0

[Event "VII Weekend B"]
[Site "Porto Sant'Elpidio ITA"]
[Date "2004.11.21"]
[Round "5"]
[White "Silvestri, Giorgio"]
[Black "Fratini, Mauro"]
[Result "1-0"]
[WhiteElo "1697"]
[BlackElo "1778"]
[PlyCount "89"]
[EventDate "2004.11.13"]

1. d4 d5 2. Nf3 Nf6 3. Bf4 c5 4. c3 Nc6 5. e3 Qb6 6. Qc2 c4 7. Nbd2 Bg4 8. b3
cxb3 9. axb3 e6 10. Bd3 Rc8 11. Qa2 Be7 12. O-O O-O 13. Rfc1 a6 14. h3 Bh5 15.
Ne5 Nxe5 16. Bxe5 Nd7 17. Bh2 f5 18. c4 f4 19. c5 Qc7 20. exf4 Rxf4 21. Qc2 h6
22. Bg6 Bxg6 23. Qxg6 Rf6 24. Qxf6 Bxf6 25. Bxc7 Rxc7 26. Nf3 Kf7 27. Re1 Ke7
28. b4 Nb8 29. Re2 Nc6 30. Rae1 Nxb4 31. Rxe6+ Kf7 32. Rb6 Nc6 33. Reb1 Nd8 34.
Rd6 Nc6 35. Rxd5 a5 36. h4 Nb4 37. Rd6 Ke7 38. g4 Kf7 39. g5 Be7 40. Ne5+ Ke8
41. Re6 hxg5 42. hxg5 Kd8 43. f4 Nd5 44. Ng6 Rd7 45. Rbe1 1-0

[Event "VII Weekend B"]
[Site "Porto Sant'Elpidio ITA"]
[Date "2004.11.21"]
[Round "6"]
[White "Cerusico, Carlo"]
[Black "Baleani, Emanuele"]
[Result "0-1"]
[WhiteElo "1493"]
[BlackElo "1750"]
[PlyCount "52"]
[EventDate "2004.11.13"]

1. d4 e5 2. dxe5 Nc6 3. Nf3 Qe7 4. Qd5 f6 5. exf6 Nxf6 6. Qd1 d5 7. h3 Bf5 8.
c3 O-O-O 9. Nd4 Nxd4 10. cxd4 Qb4+ 11. Qd2 Bxb1 12. Rxb1 Ne4 13. Qxb4 Bxb4+ 14.
Bd2 Bxd2+ 15. Kd1 Nxf2+ 16. Kxd2 Nxh1 17. g4 Ng3 18. Bg2 Rhe8 19. Bf3 Ne4+ 20.
Ke1 Ng5 21. Bg2 c6 22. b4 Re3 23. h4 Ne6 24. a4 Nxd4 25. Rb2 Rde8 26. Bf1 Nf3+
0-1

[Event "VII Weekend B"]
[Site "Porto Sant'Elpidio ITA"]
[Date "2004.11.21"]
[Round "6"]
[White "Egidi, Daniele"]
[Black "Di Mantino, Mauro"]
[Result "0-1"]
[WhiteElo "1353"]
[BlackElo "1392"]
[PlyCount "74"]
[EventDate "2004.11.13"]

1. d4 Nf6 2. c4 g6 3. Nc3 Bg7 4. e4 d6 5. Nf3 O-O 6. Bg5 h6 7. Bh4 Qe8 8. Qc2
e5 9. d5 Nh7 10. O-O-O f5 11. Nb5 Na6 12. Bd3 f4 13. g3 g5 14. gxf4 gxh4 15. f5
Rf7 16. Rhg1 Nb4 17. Qa4 Nxd3+ 18. Rxd3 a6 19. Nxh4 Bd7 20. Nxc7 Bxa4 21. Nxe8
Rxe8 22. Rg6 Rf6 23. Rf3 Rxg6 24. fxg6 Ng5 25. Rg3 Nxe4 26. Rf3 Ng5 27. Rf5 Bd7
28. f4 Bxf5 29. Nxf5 exf4 30. Nxd6 Re1+ 31. Kc2 f3 32. h4 f2 33. Nf5 f1=Q 34.
Nxh6+ Bxh6 35. d6 Re3 36. d7 Qf2+ 37. Kd1 Re1# 0-1

[Event "VII Weekend B"]
[Site "Porto Sant'Elpidio ITA"]
[Date "2004.11.21"]
[Round "6"]
[White "Iaconi, Andrea"]
[Black "Silvestri, Giorgio"]
[Result "1/2-1/2"]
[WhiteElo "1774"]
[BlackElo "1697"]
[PlyCount "68"]
[EventDate "2004.11.13"]

1. d4 Nf6 2. c4 g6 3. Nc3 Bg7 4. Nf3 d6 5. e4 O-O 6. Be2 e5 7. dxe5 dxe5 8.
Qxd8 Rxd8 9. Nxe5 Nxe4 10. Nxe4 Bxe5 11. O-O Nc6 12. Bg5 Re8 13. Bf6 Bxh2+ 14.
Kxh2 Rxe4 15. Bd3 Re8 16. Rfe1 Be6 17. Re3 Nb4 18. b3 Nxd3 19. Rxd3 a5 20. Rad1
a4 21. Rd8 axb3 22. axb3 h6 23. Rxa8 Rxa8 24. Rd8+ Rxd8 25. Bxd8 c6 26. Kg3 Kg7
27. Kf4 f6 28. g3 g5+ 29. Ke4 h5 30. Ke3 h4 31. gxh4 gxh4 32. Kf4 Kg6 33. Bc7
h3 34. Ke3 Kh5 1/2-1/2

[Event "VII Weekend B"]
[Site "Porto Sant'Elpidio ITA"]
[Date "2004.11.21"]
[Round "6"]
[White "Iori, Massimiliano"]
[Black "Basso, Fabrizio"]
[Result "1-0"]
[WhiteElo "1792"]
[BlackElo "1697"]
[PlyCount "113"]
[EventDate "2004.11.13"]

1. d4 Nf6 2. Nf3 g6 3. c4 Bg7 4. Nc3 O-O 5. e4 d6 6. Be2 e5 7. dxe5 dxe5 8. O-O
Nc6 9. Qxd8 Rxd8 10. Bg5 Be6 11. Nd5 Bxd5 12. cxd5 Nd4 13. Nxd4 exd4 14. e5
Nxd5 15. Bxd8 Rxd8 16. f4 c5 17. Rac1 Ne3 18. Rf3 Rc8 19. b3 a6 20. a4 a5 21.
Bc4 Kf8 22. h3 h5 23. g3 Ke7 24. Kf2 Rd8 25. Ke2 b6 26. Rg1 f6 27. exf6+ Bxf6
28. g4 h4 29. Bd3 Kf7 30. g5 Bg7 31. f5 Nxf5 32. Bxf5 gxf5 33. Rxf5+ Kg6 34.
Rf3 Re8+ 35. Kd3 Re3+ 36. Rxe3 dxe3 37. Rg4 Bd4 38. Rxh4 Kxg5 39. Re4 Kh5 40.
Kc4 Kg5 41. Kd5 Kf5 42. h4 Kg6 43. Re6+ Kh5 44. Re4 Kg6 45. Kc4 Kf5 46. Kd3 Kg6
47. Ke2 Kh5 48. Kf3 Kg6 49. Kg4 Kf7 50. h5 Kf6 51. h6 Kf7 52. Kf5 Bc3 53. Rxe3
Bd4 54. Re6 c4 55. bxc4 Bc5 56. Rc6 Be3 57. Rc7+ 1-0

[Event "VII Weekend B"]
[Site "Porto Sant'Elpidio ITA"]
[Date "2004.11.21"]
[Round "6"]
[White "Piergentili, Roberto"]
[Black "Marinucci, Johnny"]
[Result "1/2-1/2"]
[WhiteElo "1700"]
[BlackElo "1742"]
[PlyCount "116"]
[EventDate "2004.11.13"]

1. d4 d5 2. c4 e6 3. Nc3 Nf6 4. Bg5 Be7 5. Nf3 c6 6. e3 Nbd7 7. Bd3 dxc4 8.
Bxc4 Nd5 9. Bxe7 Qxe7 10. O-O O-O 11. a3 Nxc3 12. bxc3 e5 13. dxe5 Nxe5 14.
Nxe5 Qxe5 15. Qb3 b5 16. Be2 Be6 17. Qc2 Bd5 18. c4 Be4 19. Qc1 a6 20. f3 Bg6
21. e4 f5 22. exf5 Rxf5 23. Re1 Qd4+ 24. Kh1 Rc5 25. Rd1 Qf2 26. Qd2 Re8 27.
Ra2 Rce5 28. Bf1 Qxd2 29. Raxd2 Re1 30. cxb5 Rxd1 31. Rxd1 axb5 32. Rc1 Rc8 33.
Bxb5 c5 34. a4 Bf7 35. Bc4 Bxc4 36. Rxc4 Kf7 37. Kg1 Ke6 38. Kf2 Kd5 39. Rc1
Rc7 40. Ke3 Ra7 41. Ra1 Kc4 42. Ke4 Kb3 43. a5 c4 44. Rb1+ Kc2 45. Rb5 c3 46.
Rc5 Kd2 47. Rd5+ Ke1 48. Rc5 c2 49. h4 Rd7 50. g4 Kd1 51. f4 c1=Q 52. Rxc1+
Kxc1 53. f5 Ra7 54. g5 Rxa5 55. h5 Ra4+ 56. Ke5 Ra5+ 57. Ke6 Ra6+ 58. Ke5 Ra5+
1/2-1/2